Minecraft Mobs by Fun Description #2 - Statistics

General Stats
  • This quiz has been taken 31 times
  • The average score is 5 of 10
Answer Stats
Description Mob % Correct
Music is pretty enjoyable and you might find me dancing sometimes Parrot
86%
I like to drop in out of nowhere and see if I have what you want... Wandering Trader
75%
Always at your service to help collect blown away paper or other things! Allay
64%
Can I know what you're doing with a bottle? Nevermind. None of my playerswax Bee
64%
Same here, but I don't do that kind of petty work. I serve to pretect! Iron Golem
64%
I sit here freezing making sure to slow down any players looking to sleep Stray
54%
I am a pretty hard mob to find, but I am a heck of a seedfinder! Sniffer
46%
I am the tallest of my family and I have a different choice of weapons Wither Skeleton
32%
Sometimes, I will come to hurt you, slow you down, or even kill you! Witch
29%
You can choose to avoid me, but peaceful mode is not going to protect you... Pufferfish
4%
No matching quizzes found
Score Distribution
Percent of People with Each Score
Percentile by Number Answered
Your Score History
You have not taken this quiz